书目信息 |
| 题名: |
经济与文学
|
|
| 作者: | 朱丽霞 著 | |
| 分册: | ||
| 出版信息: | 北京 光明日报出版社 2020 |
|
| 页数: | 252页 | |
| 开本: | 25cm | |
| 丛书名: | 博士生导师学术文库 | |
| 单 册: | ||
| 中图分类: | D691.71 , D691.7 | |
| 科图分类: | ||
| 主题词: | 文人--wen ren--社会活动--研究--中国--清前期 | |
| 电子资源: | ||
| ISBN: | 978-7-5194-5356-5 | |
| 000 | 01132oam2 2200289 450 | |
| 001 | 2159533794 | |
| 005 | 20211011172912.0 | |
| 010 | @a978-7-5194-5356-5@b精装@dCNY85.00 | |
| 100 | @a20200326d2020 em y0chiy0120 ea | |
| 101 | 0 | @achi |
| 102 | @aCN@b110000 | |
| 105 | @ay a 000yy | |
| 106 | @ar | |
| 200 | 1 | @a经济与文学@Ajing ji yu wen xue@f朱丽霞著 |
| 210 | @a北京@c光明日报出版社@d2020 | |
| 215 | @a252页@d25cm | |
| 225 | 2 | @a博士生导师学术文库@Abo shi sheng dao shi xue shu wen ku |
| 314 | @a朱丽霞, 上海交通大学人文学院教授等职。 | |
| 320 | @a有书目 | |
| 330 | @a本书是考察明末清初遗民文人生活与谋生的学术专著。本书以方文和朱彝尊的经济活动为个案, 探讨易代之际, 社会矛盾复杂、文化多元的环境下遗民文士的不同选择及其社会影响。明清易代后, 桐城方文坚守遗民节操, 以行医授徒求取生存。他和许多遗民和入仕新朝的文化官员保持密切关联, 同时又保持自己的文化归属。 | |
| 461 | 0 | @12001 @a博士生导师学术文库 |
| 606 | 0 | @a文人@Awen ren@x社会活动@x研究@y中国@z清前期 |
| 690 | @aD691.71@v5 | |
| 690 | @aD691.7@v5 | |
| 701 | 0 | @a朱丽霞@Azhu li xia@4著 |
| 801 | 0 | @aCN@b百万庄@c20211009 |
| 905 | @b1308292-95@dD691.71@e310@f4 | |
| 经济与文学/朱丽霞著.-北京:光明日报出版社,2020 |
| 252页;25cm.-(博士生导师学术文库) |
| ISBN 978-7-5194-5356-5(精装):CNY85.00 |
| 本书是考察明末清初遗民文人生活与谋生的学术专著。本书以方文和朱彝尊的经济活动为个案, 探讨易代之际, 社会矛盾复杂、文化多元的环境下遗民文士的不同选择及其社会影响。明清易代后, 桐城方文坚守遗民节操, 以行医授徒求取生存。他和许多遗民和入仕新朝的文化官员保持密切关联, 同时又保持自己的文化归属。 |
| ● |
| 相关链接 |
|
|
|
|
正题名:经济与文学
索取号:D691.71/310
 
预约/预借
| 序号 | 登录号 | 条形码 | 馆藏地/架位号 | 状态 | 备注 |
| 1 | 1308292 | 213082929 | 第一样本阅览室/ [索取号:D691.71/310] | 在馆 | |
| 2 | 1308293 | 213082938 | 第一借阅区/ [索取号:D691.71/310] | 在馆 | |
| 3 | 1308294 | 213082947 | 第一借阅区/ [索取号:D691.71/310] | 在馆 | |
| 4 | 1308295 | 213082956 | 第一借阅区/ [索取号:D691.71/310] | 在馆 |